000
00289nam a2200133Ia 4500
008
231129s1986||||xx |||||||||||||| ||spa||
040
_b
spa
082
_a
Co863 U76a
100
_a
Uribe Germán
245
0
_a
El ajusticiamiento
260
_c
1986
264
_a
Pijao
942
_2
ddc
_c
BKS
999
_c
10115
_d
10115